书目信息 |
| 题名: |
时尚烘焙
|
|
| 作者: | 孟爽 主编 | |
| 分册: | ||
| 出版信息: | 北京 化学工业出版社 2008.05 |
|
| 页数: | 79页 | |
| 开本: | 21cm | |
| 丛书名: | 百变大厨系列 | |
| 单 册: | ||
| 中图分类: | TS972.116 | |
| 科图分类: | ||
| 主题词: | 糕点加工 | |
| 电子资源: | ||
| ISBN: | 978-7-122-01343-9 | |
| 000 | 00624nam0 2200217 450 | |
| 001 | 0857959891 | |
| 005 | 20081215144928.02 | |
| 010 | @a978-7-122-01343-9@dCNY19.00 | |
| 100 | @a20081212d2008 km y0chiy0120 ea | |
| 101 | 0 | @achi |
| 102 | @aCN@b110000 | |
| 200 | 1 | @a时尚烘焙@Ashi shang hong bei@f孟爽主编@Fmeng shuang zhu bian |
| 210 | @a北京@c化学工业出版社@d2008.05 | |
| 215 | @a79页@d21cm | |
| 225 | 2 | @a百变大厨系列 |
| 410 | 0 | @12001 @a百变大厨系列 |
| 606 | 0 | @a糕点加工 |
| 690 | @aTS972.116@v4 | |
| 701 | 0 | @a孟爽@Ameng shuang@4主编 |
| 801 | 0 | @aCN@b山东省滨州职业学院图书馆@c20081215 |
| 905 | @aBZT@dTS972.116@e4@f5 | |
| 时尚烘焙/孟爽主编.-北京:化学工业出版社,2008.05 |
| 79页;21cm.-(百变大厨系列) |
| ISBN 978-7-122-01343-9:CNY19.00 |
| ● |
| 相关链接 |
|
|
|
正题名:时尚烘焙
索取号:TS972.116/4
 
预约/预借
| 序号 | 登录号 | 条形码 | 馆藏地/架位号 | 状态 | 备注 |
| 1 | 0690632 | 2000690632 | 样本书库/样008架A面1层1列/ [索取号:TS972.116/4] | 在馆 | |
| 2 | 0690633 | 2000690633 | 中心书库中库/ 中库024架A面3列1层53/ [索取号:TS972.116/4] | 在馆 | |
| 3 | 0690634 | 2000690634 | 中心书库中库/ 中库024架A面3列1层54/ [索取号:TS972.116/4] | 在馆 | |
| 4 | 0690635 | 2000690635 | 中心书库中库/ 中库024架A面3列1层45/ [索取号:TS972.116/4] | 在馆 | |
| 5 | 0690636 | 2000690636 | 中心书库中库/ 中库024架A面3列1层52/ [索取号:TS972.116/4] | 在馆 |